| 000 | 00960nam a2200205Ii 4500 | ||
|---|---|---|---|
| 003 | JO-AjNU | ||
| 008 | 230605s9999||||xx |||||||||||||| ||und|| | ||
| 040 |
_aJO-AjNU _bara _erda _cJO-AjNU |
||
| 041 | _aara | ||
| 050 | 1 | 4 | _aKMM12.9.J67.1957 |
| 100 | 3 |
_a اعده وجمع مواده المحامي حنا الصاع، المحامي صبحي القطب؛ اشرف على تبويبه وتنقيحه وطبعه المحامي صبحي القطب , _eauthor _947228 |
|
| 245 | 0 | 0 | _aمجموعة القوانين والانظمة الصادرة والنافذة المفعول لغاية سنة 1957 في المملكة الاردنية الهاشمية، الجزء الثاني |
| 250 | _a(د،ط) | ||
| 264 | 3 | 1 | _aعمان : نقابة المحامين ، 1957 |
| 300 | _aج2، 1492ص | ||
| 336 |
_atext _btxt _2rdacontent |
||
| 337 |
_aunmediated _bn _2rdamedia |
||
| 338 |
_avolume _bnc _2rdacarrier |
||
| 650 | 4 |
_aالاردن -- قوانين _947229 |
|
| 999 |
_aA20602 _c24170 _d24170 |
||